00664nam a2200241 a 4500001001300000003000900013005001700022008004100039020000900080082001700089100002200106245001800128260003200146300000800178500003500186505001000221650001900231700002200250902000800272942000700280952011800287999001700405nice12345678IN_TiNIC20260116015207.0050524s1998 laha grp 000 0 ara  ac2000a922.97bMUN1 aMunawar, Mohammad aHayat-I-Iqbal aLahorebIqbal Academyc1998 a24p aincludes index and biblioraphy2 aIndex aIqbal Muhammad1 aMunawar, Mohammad bSRS cBK 001040708StackRoom-aHMIbHMId2007-06-06g20.00l0o922.97 MUN1p11001183r2007-06-06v20.00w2005-05-24yBK c18704d18704